Apex Legends - Legends - Statistics

General Stats
  • This quiz has been taken 321 times
  • The average score is 16 of 24
Answer Stats
Groupe Legends % Correct
Support Lifeline
86%
Skirmish Wraith
83%
Recon Bloodhound
82%
Skirmish Octane
82%
Assault Bangalore
78%
Skirmish Pathfinder
76%
Control Wattson
75%
Recon Crypto
74%
Support Loba
74%
Control Caustic
72%
Skirmish Revenant
68%
Assault Fuse
67%
Support Mirage
67%
Support Gibraltar
66%
Assault Ash
60%
Support Newcastle
60%
Recon Seer
58%
Control Rampart
57%
Skirmish Valkyrie
56%
Recon Vantage
52%
Skirmish Horizon
51%
Assault Mad Maggie
48%
Control Catalyst
44%
Assault Ballistic
35%
No matching quizzes found
Score Distribution
Percent of People with Each Score
Percentile by Number Answered
Your Score History
You have not taken this quiz